[Event "Berlin Casino Prominenten sim"]
[Site "Berlin"]
[Date "2001.11.09"]
[Round "?"]
[White "Kortschnoj, Viktor Lvovich"]
[Black "Siewert, Klaus Juergen"]
[Result "1-0"]
[WhiteElo "2617"]
[BlackElo "1581"]
[PlyCount "57"]
[EventDate "2001.11.09"]
[EventType "simul"]
[EventRounds "1"]
[EventCountry "GER"]
[SourceTitle "EXT 2008"]
[Source "ChessBase"]
[SourceDate "2007.11.25"]
[SourceVersion "1"]
[SourceVersionDate "2007.11.25"]
[SourceQuality "1"]

1. e4 b6 2. d4 Bb7 3. Bd3 Nf6 4. Qe2 e6 5. Nf3 d5 6. e5 Nfd7 7. 0-0 c5 8. c3 c4 9. Bc2 Nc6 10. Ng5 Qe7 11. b3 b5 12. h4 h6 13. Nf3 a5 14. a4 Ba6 15. axb5 Bxb5 16. Ba3 Qd8 17. Bxf8 Nxf8 18. Na3 Qb6 19. Nxb5 Qxb5 20. Nd2 Qa6 21. bxc4 Nd7 22. Bd3 dxc4 23. Nxc4 Qa7 24. Nd6+ Ke7 25. Be4 Qc7 26. Nxf7 Rhf8 27. Nd6 Ncxe5 28. dxe5 Nxe5 29. Bxa8 1-0